Động vật học không xương sống

Đã lưu trong:
書目詳細資料
主要作者: Thái, Trần Bái
格式: 圖書
語言:Undetermined
出版: Hà Nội Giáo dục 2005
主題:
標簽: 添加標簽
沒有標簽, 成為第一個標記此記錄!
Thư viện lưu trữ: Trung tâm Học liệu Trường Đại học Cần Thơ
LEADER 00522nam a2200193Ia 4500
001 CTU_104171
008 210402s9999 xx 000 0 und d
020 |c 61000 
082 |a 592 
082 |b B103 
100 |a Thái, Trần Bái 
245 0 |a Động vật học không xương sống 
245 0 |c Thái Trần Bái 
260 |a Hà Nội 
260 |b Giáo dục 
260 |c 2005 
650 |a Invertebrates 
904 |i Minh 
980 |a Trung tâm Học liệu Trường Đại học Cần Thơ